000 00587nam a2200229Ia 4500
003 OSt
005 20221005131236.0
006 a|||||r|||| 00| 0
007 ta
008 221004b |||||||| |||| 00| 0 eng d
024 _a53903
037 _cTextual
040 _aCRL
_cCRL
_beng
041 _2eng
_aeng
082 _aR61, J3
100 _aVreede Frans.
_9639309
245 0 _aShort introduction to the essentials of living Hindu philosophy.
260 _c1953
650 _aPHILOSOPHY
942 _hR61, J3
_cTEXL
_2cc
999 _c1059730
_d1059730